LEADER 00982nam a2200229 i 4500 001 000000073191 003 CaOOAMICUS 005 20090521000000.0 008 090521s1953 fr u000 u fre u 013 $a44363 040 $aSeMil$bita 100 1 $aGaïth, Jérome.$0(OLS)http://semarc/name/36220 245 13$aLa conception de la liberté chez Grégoire de Nysse /$cpar Jérome Gaïth. 260 $aParis :$bJ. Vrin,$c1953. 300 $a213 p. ;$c25 cm. 490 0 $aÉtudes de philosophie médiévale ;$v43. 600 04$aGregorio : di Nissa .$0(OLS)http://semarc/subject/8583 830 0$aÉtudes de philosophie médiévale ;$v43.$0(OLS)http://semarc/title/8154 850 $aSeMil 852 $aSeMil$W1$xVenegono$y1$m2Q IV 93$j39343$B39343$CSeMilBibl$Z2$F39347 $81 996 $6245$aLa conception de la liberté chez Grégoire de Nysse$9(OLS)http://semarc/title/118159 996 $6260$aParis :$bJ. Vrin$9(OLS)http://semarc/publisher/30215 LEADER 00902nas a2200229 i 4500 001 000000077876 003 CaOOAMICUS 005 20160229000000.0 008 160229b1936 fr uu u0 0und r 013 $a50113 040 $aSeMil$bita 100 1 $aLallement, Daniel-Joseph <1895-1976>.$0(OLS)http://semarc/name/38241 245 10$aMater Misericordiae /$cpar D. Lallement. 260 $aJuvisy :$bLes Éditions du Cerf,$c1936. 300 $a142 p. :$b[5] p. di tav. ;$c21 cm. 773 0 $tCahiers de la Vierge.$dJuvisy : Les Éditions du Cerf, 1934-[1937?]$w()3198 774 0 $t[vedi periodico].$w()288690 850 $aSeMil 852 $aSeMil$W1$xVenegono$y1$m138 6 115$j43943$B43943$CSeMilBibl$Z2$F45472 $85 961 $aOmaggio: Altro 996 $6245$aMater Misericordiae$9(OLS)http://semarc/title/126367 996 $6260$aJuvisy :$bLes Éditions du Cerf$9(OLS)http://semarc/publisher/31163